MDQL
is popping MORE tags! Check the
thread
!
Quizzes
Events
Quiz Creation
Community
Videos
Private Events
Remove Ads
Sign In
Join for FREE
Feedback
Dark Mode
Quiz Categories
Sports
Geography
Music
Movies
Television
Just For Fun
Miscellaneous
History
Literature
Language
Science
Gaming
Entertainment
Religion
Holiday
For Kids
Quiz Lab
Recent
Popular Today
Quiz Kudos Today
Editor Picks
Curator Picks
Quizzes by...
Day
Popularity
Type
Ratings
Length
Year
Community
Subscriptions
Recent Discussions
Orange Saloon
Badges
Playlists
Quests
Create
Leaderboards
Showdown
Live 5
Trivia Bingo
Activity
Puzzle Library
Sporcle Events
Private Events
Virtual Trivia
Globe League
Become a Host
Pub Owners
SporcleCon
Opinionation
Our Games
Videos
Blog
Mobile Apps
Partnerships
Remove Ads and Go Orange
Feedback
Music
Pop Music
The Beatles
Song
Album
Lyrics
Bands
Singers
Artist
Clip
Rock
Rap
Classical
Billboard
Country Music
Kpop
Taylor Swift
Music
Pop Music
The Beatles
Song
Album
Lyrics
Bands
Singers
Artist
Clip
Rock
Rap
Classical
Billboard
Country Music
Kpop
Taylor Swift
Random Quiz
Search Sporcle
×
Quiz Lab
Quiz Lab
Music
Musical
Type in answers that appear in a list
Type in answers that appear in a list
Classic
Best Score? Go Orange.
Eminem Released Albums Stats
Can you name the Eminems Studio Released Albums?
By
Jeffrey251
60s
7 Questions
142 Plays
142 Plays
142 Plays
Comments
Comments
Give Quiz Kudos
Give Quiz Kudos
-
- Ratings
hide this ad
Forced Order
Answers have to be entered in order
Answers have to be entered in order
Replay
Link that replays current quiz
Next Quiz
Link to next quiz in quiz playlist
You Got
0%
They Got
Avg Score
70%
Avg Friend Score
Upgrade to see
Score Distribution
Jump to the score distribution portion of the page
Score
0/7
Timer
01:00
0
Plays Today
Year
Album
% Correct
2010
Recovery
82.4%
2009
Relapse
78.2%
1999
The Slim Shady LP
73.2%
2000
The Marshall Mathers LP
69.7%
2004
Encore
66.2%
2002
The Eminem Show
65.5%
1996
Infinite
60.6%
Quiz Playlist
Details
Report
Send in Message
Add To Playlist
Classic:
Type in answers that appear in a list
Forced Order:
Answers have to be entered in order
Last Updated: Feb 16, 2017
Quiz Scoreboard
CHALLENGE
Sign Up to Join the Scoreboard
Show All
Scores
Hide
Comments
May contain spoilers
Recently Published
1-10 Letter E Words III
by El_Dandy
Language
2m
Street Fighter Characters
by Artimus82
Gaming
60s
College Basketball Coaching Resumes
by pancakes188
Sports
9m
More to Explore
Quiz From the Vault
Featured Blog Post
Where Did the Easter Bunny Come From?
hide this ad
You Might Also Like...
Tags
Musical Quiz
Rap Quiz
Eminem
Hip-Hop
Rap Albums
Rap Artists
Today's Top Quizzes in Music
Browse Music
hide this ad
Today's Top Quizzes in Musical
Browse Musical
Top Contributed Quizzes in Music
1
Taylor Swift All Songs (2024)
2
Taylor Swift Logic Puzzle
3
Guess the Artist- 70s Songs
4
7-to-1: Billboard Hot 100 #1 Hits of 2010s
5
Sorting Albums and Songs
6
KPOP LOGIC QUIZ
7
Billboard Blitz: Aretha Franklin
8
Guess the Taylor Swift song (Mystery Song)
9
Guess The Taylor Swift Lyrics Song #1
10
Billboard Blitz: ABBA
Explore More
Trending Topics
Anime
Harry Potter
Disney
Kpop
Crossword
NBA
Marvel
Puzzle
Pokémon
The Office
Country
WWE
Soccer
Song
NFL
hide this ad
More By:
Jeffrey251
Quiz
Plays
Rating
Category
Featured
Created
Major Conference Football Schools
461
3.00
Sports
Nov 14, 2010
SEC
403
1.33
Sports
Nov 14, 2010
Go to Creator's Profile
Score Distribution
Quiz Creator Spotlight
Jeffrey251
Follow
Send a Message
Quizzes Created
-
Created Quiz Play Count
-
More By This Creator
Popular Quizzes Today
1
Find the US States - No Outlines Minefield
2
Find the Countries of Europe - No Outlines Minefield
3
Find the US States
4
The Countries of the World
5
Risky Map Clicking: Biggest States A-Z
6
US States
7
Popular People in 1961
8
Movies - When Are They Set?
More Music Quizzes
My favorite new school rappers
Quiz Lab
Trending Quizzes
Risky Map Clicking: Least Populous States A-Z
1-10 Letter G Words
Countries of the World: 200 Million BC
1-10 Letter F Words
Risky Map Clicking: Next State Alphabetically
Recently Updated
Rides in Walt Disney World
pecheneg
Most Oscar Losses (Acting)
pecheneg
Beyoncé Albums
pecheneg
Leaping Animals
pecheneg
Reality TV Shows (A-Z)
bhenderson79
Rickey Henderson's Hall of Fame Teammates
pecheneg
Champions League XIs: Arsenal
pecheneg
Quick Pick: Celebrities in WWE's Hall of Fame
aduchscher
A-Z Keypad Blitz II
pecheneg
Trending Topics
Crossword
Harry Potter
Kpop
Disney
NBA
Marvel
Anime
Soccer
NFL
Puzzle
Pokémon
WWE
Song
The Office
Country
Your Account Isn't Verified!
In order to create a playlist on Sporcle, you need to verify the email address you used during registration. Go to your
Sporcle Settings
to finish the process.
Report this User
Report this user for behavior that violates our
Community Guidelines
.
Details:
Send Report
Go to the Sporcle.com Mobile Site →
Comments